000 00581nam a2200193 4500
001 120131
003 ES-MaACL
005 20230906191454.0
007 t|
008 070214s1965 sp r ||||1| spa d
110 2 _aIglesia Católica.
_bPapa (1939-1958: Pío XII)
_94666
245 1 0 _aEvangelii praecones fidei donum /
_cPío XII.
260 _aSalamanca :
_bSígueme,
_c1965.
300 _a111 p. ;
_c17 cm.
490 1 _aDocumentos pontificios ;
_v5
830 0 _aDocumentos pontificios ;
_v5
_9185731
852 _aES-MaACL
_jC-28355
_bR.57563
999 _c120131
_d120131